|
|
|
|
| LEADER |
00000nab a2200000 a 4500 |
| 001 |
vtls000715343 |
| 003 |
SK-MaSNL |
| 005 |
20260302194756.0 |
| 008 |
180206c1999 xo 0 slo |
| 015 |
|
|
|a SNBRB2000/03-06637
|
| 035 |
|
|
|a CLN000067510
|
| 040 |
|
|
|a SNKBUCL
|b slo
|c SNKBUCL
|e AACR2
|
| 041 |
0 |
|
|a slo
|
| 044 |
|
|
|a xo
|c SK
|
| 080 |
|
|
|a 141.5
|2 UDC-MRF-SK2
|
| 080 |
|
|
|a 159.9.016.1
|2 UDC-MRF-SK2
|
| 100 |
1 |
|
|a Kalaš, Andrej,
|d 1974-
|4 aut
|9 205446
|
| 245 |
1 |
0 |
|a Stoická psychológia
|c od Andreja Kalaša
|
| 650 |
0 |
7 |
|a stoicizmus
|2 snkbucl
|9 82761
|
| 650 |
0 |
7 |
|a duša
|x filozofia stoická
|2 snkbucl
|9 915381
|
| 650 |
0 |
7 |
|a psychológia stoická
|2 snkbucl
|9 915382
|
| 655 |
|
7 |
|a články z novín a časopisov
|2 snkbucl
|9 267496
|
| 773 |
0 |
|
|t Proglas
|g Roč. 10, č. 2 (1999), s. 7-10
|
| 850 |
|
|
|a Slovenská národná knižnica v Martine
|
| 852 |
|
|
|a SNK
|b KIS3GCP
|
| 958 |
|
|
|a RBX
|
| 999 |
|
|
|c 1449927
|d 1451857
|